Music Quiz

Random Music or Lyrics Quiz
Score 0/154 Timer 06:00
0 Plays Today
% Correct
I
100%
I
100%
in
100%
the
100%
I
100%
the
100%
in
100%
in
100%
I
100%
a
100%
I
100%
I
100%
a
100%
I
100%
I
100%
I
100%
I
100%
a
100%
we
95.8%
you
95.8%
you
95.8%
you
95.8%
me
95.8%
to
95.8%
you
95.8%
you
95.8%
you
95.8%
You
95.8%
you
95.8%
You
95.8%
you
95.8%
you
95.8%
you
95.8%
me
95.8%
to
95.8%
me
95.8%
you
95.8%
You
95.8%
me
95.8%
me
95.8%
no
95.8%
you
95.8%
that
91.7%
that
91.7%
that
91.7%
that
91.7%
and
91.7%
that
91.7%
that
91.7%
when
91.7%
and
91.7%
and
91.7%
% Correct
when
91.7%
they
91.7%
When
91.7%
was
91.7%
so
91.7%
And
91.7%
so
91.7%
be
91.7%
that
91.7%
and
91.7%
and
91.7%
when
91.7%
they
91.7%
that
91.7%
was
91.7%
had
87.5%
by
87.5%
for
87.5%
had
87.5%
of
87.5%
didn't
87.5%
didn't
87.5%
for
87.5%
said
87.5%
my
87.5%
it
87.5%
feel
87.5%
alone
87.5%
told
87.5%
by
87.5%
of
87.5%
didn't
87.5%
told
87.5%
there
87.5%
saving
87.5%
minute
83.3%
debt
83.3%
owed
83.3%
your
83.3%
believe
83.3%
them
83.3%
hurricane
83.3%
thunderclap
83.3%
vitals
83.3%
while
83.3%
were
83.3%
hated
83.3%
tone
83.3%
made
83.3%
But
83.3%
have
83.3%
but
83.3%
% Correct
made
83.3%
believe
83.3%
them
83.3%
known
79.2%
first
79.2%
met
79.2%
unpayable
79.2%
bone
79.2%
refused
79.2%
called
79.2%
checking
79.2%
hospital
79.2%
bed
79.2%
wish
75%
Because
75%
room
75%
suggested
75%
smile
75%
talk
75%
leaving
75%
standing
75%
should
75%
instead
75%
took
75%
care
75%
sleep
75%
been
70.8%
abused
70.8%
Kept
70.8%
ought
70.8%
something
70.8%
kept
70.8%
up
66.7%
tubes
66.7%
arms
66.7%
Those
66.7%
singing
66.7%
morphine
66.7%
alarms
66.7%
out
66.7%
you'd
62.5%
make
62.5%
tune
62.5%
quit
62.5%
hired
58.3%
Walking
58.3%
sleeping
54.2%
freezing
50%
uneven
37.5%
even
20.8%
Remove Ads.
Support Sporcle.
Get the best of Sporcle when you Go Orange. This ad-free experience offers more features, more stats, and more fun while also helping to support Sporcle. Thank you for becoming a member.

You're not logged in!

Compare scores with friends on all Sporcle quizzes.
OR
Log In

Show Comments

Extras

Top Quizzes Today


Score Distribution

Your Account Isn't Verified!

In order to create a playlist on Sporcle, you need to verify the email address you used during registration. Go to your Sporcle Settings to finish the process.

Report this User

Report this user for behavior that violates our Community Guidelines.

Details: